| 000 | 00572nam a2200217 4500 | ||
|---|---|---|---|
| 001 | 111858 | ||
| 003 | ES-MaACL | ||
| 005 | 20250824230749.0 | ||
| 007 | t| | ||
| 008 | 061121s1961 sp r ||||1| spa d | ||
| 080 | _a177.3 | ||
| 100 | 1 |
_aOrlandis, José. _987279 |
|
| 245 | 1 | 3 |
_aEl espíritu de verdad / _cJosé Orlandis. |
| 260 |
_aMadrid : _bRialp, _c1961. |
||
| 300 |
_a197 p. ; _c18 cm. |
||
| 490 | 1 |
_aPatmos ; _v106 |
|
| 650 | 4 |
_aVerdad. _917765 |
|
| 830 | 1 | 0 |
_aPatmos (Rialp) _v106 _9181154 |
| 852 |
_aES-MaACL _jC-20862 |
||
| 999 |
_c111858 _d111858 |
||